[Event "Olimpiada Calviá 2004"]
[Site "Calviá ESP"]
[Date "2004.10.18"]
[Round "4.31"]
[White "Perez Candelario, Manuel"]
[Black "Zhidkov, Valery S"]
[Result "0-1"]
[WhiteElo "2474"]
[BlackElo "2394"]
[PlyCount "124"]
[EventDate "2004.10.15"]
[EventType "team"]
[EventRounds "14"]
[EventCountry "ESP"]
[Source "lmi"]
[SourceDate "2004.10.27"]

1. e4 e5 2. Nf3 Nc6 3. Bb5 Nf6 4. O-O d6 5. Re1 Bd7 6. c3 Be7 7. d3 O-O 8. Nbd2
Re8 9. Nf1 Bf8 10. Ng3 g6 11. h3 Bg7 12. Nh2 Qe7 13. Bd2 Nd8 14. Bxd7 Nxd7 15.
f4 exf4 16. Bxf4 Ne6 17. Be3 Ne5 18. d4 Nc4 19. Bc1 Qh4 20. Qd3 c5 21. Nhf1 b5
22. d5 Nf4 23. Qd1 Ne5 24. Re3 c4 25. Nh1 Nfd3 26. Re2 Nxc1 27. Qxc1 Nd3 28.
Qe3 f5 29. Nf2 f4 30. Qd2 f3 31. gxf3 Ne5 32. Kg2 h5 33. Nh2 Rf8 34. Rg1 Kh7
35. Nd1 Nd3 36. Kh1 Bh6 37. Qc2 Ne5 38. Reg2 Qxh3 39. Rg3 Qh4 40. Qg2 Qf6 41.
Nf2 Bf4 42. Nh3 Bxg3 43. Qxg3 Nf7 44. f4 Rae8 45. Nf3 Nh6 46. Nfg5+ Kh8 47. Ne6
Rg8 48. Nhg5 Nf7 49. Nxf7+ Qxf7 50. Qh3 Rxe6 51. Qxe6 Qxf4 52. Qe7 Rg7 53. Qe8+
Kh7 54. Qe6 Qh4+ 55. Kg2 Re7 56. Qxd6 Qxe4+ 57. Kh3 Rf7 58. Rg2 Qf5+ 59. Kh2
Rd7 60. Qg3 Rxd5 61. Rf2 Qd7 62. Qe3 Rd3 0-1

[Event "Olimpiada Calviá 2004"]
[Site "Calviá ESP"]
[Date "2004.10.18"]
[Round "4.31"]
[White "Talla, Vladimir"]
[Black "Ibarra Jerez, Jose Carlos"]
[Result "1/2-1/2"]
[WhiteElo "2385"]
[BlackElo "2423"]
[PlyCount "56"]
[EventDate "2004.10.15"]
[EventType "team"]
[EventRounds "14"]
[EventCountry "ESP"]
[Source "lmi"]
[SourceDate "2004.10.27"]

1. c4 Nf6 2. g3 e5 3. Bg2 c6 4. d4 Bb4+ 5. Bd2 Bxd2+ 6. Qxd2 d6 7. Nc3 O-O 8.
e4 Nbd7 9. Nge2 a6 10. d5 cxd5 11. Nxd5 b5 12. cxb5 axb5 13. Nec3 Nxd5 14. Nxd5
Nc5 15. O-O Ra4 16. Nc3 Rd4 17. Qc2 Ba6 18. Rfd1 b4 19. Rxd4 exd4 20. Nd5 d3
21. Qd2 b3 22. Qc3 bxa2 23. Rxa2 Bb7 24. b4 Bxd5 25. exd5 Qb6 26. Rd2 Na6 27.
Rb2 Rb8 28. Qxd3 Nxb4 1/2-1/2

[Event "Olimpiada Calviá 2004"]
[Site "Calviá ESP"]
[Date "2004.10.18"]
[Round "4.32"]
[White "Cekro, Ekrem"]
[Black "Rodriguez, Andres"]
[Result "0-1"]
[WhiteElo "2433"]
[BlackElo "2533"]
[PlyCount "54"]
[EventDate "2004.10.15"]
[EventType "team"]
[EventRounds "14"]
[EventCountry "ESP"]
[Source "lmi"]
[SourceDate "2004.10.27"]

1. c4 e5 2. g3 Nc6 3. Bg2 g6 4. Nc3 Bg7 5. Rb1 f5 6. d3 d6 7. e3 Be6 8. Nge2
Qd7 9. b4 e4 10. Nd5 Ne5 11. Nef4 Bf7 12. dxe4 c6 13. exf5 cxd5 14. fxg6 hxg6
15. cxd5 g5 16. Ne6 Bxe6 17. dxe6 Qb5 18. Rb3 Rc8 19. Bb2 g4 20. Bxe5 Bxe5 21.
Qxg4 Ne7 22. f4 Rc1+ 23. Kf2 Rc2+ 24. Kg1 Bxf4 25. Bf1 Qd5 26. Rd3 Bh6 27. h4
Rf8 0-1

[Event "Olimpiada Calviá 2004"]
[Site "Calviá ESP"]
[Date "2004.10.18"]
[Round "4.32"]
[White "Van Beers, Eddy"]
[Black "Curi, Gabriel"]
[Result "1-0"]
[WhiteElo "2383"]
[BlackElo "2264"]
[PlyCount "73"]
[EventDate "2004.10.15"]
[EventType "team"]
[EventRounds "14"]
[EventCountry "ESP"]
[Source "lmi"]
[SourceDate "2004.10.27"]

1. e4 e6 2. d4 d5 3. Nd2 c5 4. exd5 Qxd5 5. Ngf3 cxd4 6. Bc4 Qd6 7. O-O Nf6 8.
Nb3 Nc6 9. Nbxd4 Nxd4 10. Nxd4 Bd7 11. c3 Qc7 12. Qe2 Bd6 13. Nb5 Bxb5 14.
Bxb5+ Ke7 15. g3 a6 16. Bd3 Qc6 17. Bg5 h6 18. Be4 Qc7 19. Bxf6+ gxf6 20. Qf3
Rab8 21. Rfe1 h5 22. Rad1 h4 23. Rd2 hxg3 24. hxg3 b5 25. Red1 Rbd8 26. Bc6 Qb6
27. a4 Qc5 28. axb5 axb5 29. b4 Qe5 30. Rd4 Qh5 31. Qd3 Bc7 32. Rd7+ Rxd7 33.
Qxd7+ Kf8 34. Ra1 Qh2+ 35. Kf1 Bb6 36. Bg2 Qh5 37. Qd6+ 1-0

[Event "Olimpiada Calviá 2004"]
[Site "Calviá ESP"]
[Date "2004.10.18"]
[Round "4.32"]
[White "Bauza, Alejandro"]
[Black "Laurent, Bruno"]
[Result "0-1"]
[WhiteElo "2235"]
[BlackElo "2335"]
[PlyCount "118"]
[EventDate "2004.10.15"]
[EventType "team"]
[EventRounds "14"]
[EventCountry "ESP"]
[Source "lmi"]
[SourceDate "2004.10.27"]

1. Nf3 Nf6 2. g3 g6 3. b3 Bg7 4. Bb2 d6 5. d4 O-O 6. Bg2 c5 7. c4 cxd4 8. Nxd4
d5 9. cxd5 Nxd5 10. O-O Nb4 11. a3 N8c6 12. Nxc6 Nxc6 13. Bxg7 Kxg7 14. Bxc6
bxc6 15. Qxd8 Rxd8 16. Ra2 Be6 17. Nd2 Rab8 18. Rb2 Rd4 19. f3 Rbd8 20. Ne4 Bf5
21. Rc1 Bxe4 22. fxe4 R8d6 23. e5 Re6 24. Rc5 Re4 25. Rbc2 Re3 26. R5c3 R6xe5
27. Rxc6 Ra5 28. b4 Raxa3 29. Kf2 Re5 30. Rc7 h5 31. h4 Kf6 32. Rb7 Re6 33. b5
Re5 34. Rc6+ Kf5 35. Ra6 Rae3 36. Ra2 Rb3 37. Raxa7 Rb2 38. Kf3 Rbxe2 39. Ra3
Rb2 40. b6 f6 41. Re3 Rxe3+ 42. Kxe3 e5 43. Kd3 e4+ 44. Kd4 Rd2+ 45. Kc5 Kg4
46. Rg7 g5 47. b7 Rb2 48. Kd4 Kf3 49. hxg5 fxg5 50. Rxg5 Rb4+ 51. Kc3 Rxb7 52.
Rxh5 Rd7 53. Rf5+ Kxg3 54. Rf8 e3 55. Re8 Kf2 56. Rf8+ Ke1 57. Kc2 e2 58. Rf6
Rc7+ 59. Kb2 Rc5 0-1

[Event "Olimpiada Calviá 2004"]
[Site "Calviá ESP"]
[Date "2004.10.18"]
[Round "4.33"]
[White "Ghaem Maghami, Ehsan"]
[Black "Sharavdorj, Dashzeveg"]
[Result "1-0"]
[WhiteElo "2558"]
[BlackElo "2466"]
[PlyCount "77"]
[EventDate "2004.10.15"]
[EventType "team"]
[EventRounds "14"]
[EventCountry "ESP"]
[Source "lmi"]
[SourceDate "2004.10.27"]

1. Nf3 Nf6 2. c4 c6 3. d4 d5 4. e3 e6 5. Bd3 Nbd7 6. O-O Be7 7. b3 O-O 8. Nc3
b6 9. Bb2 Bb7 10. Qe2 c5 11. cxd5 cxd4 12. Nxd4 Nxd5 13. Nxd5 Bxd5 14. Rfd1 Nc5
15. Bc2 Qe8 16. Nf5 f6 17. b4 Nb7 18. Rxd5 exd5 19. Qd3 g6 20. Qxd5+ Kh8 21.
Qxb7 gxf5 22. Bxf5 Qb5 23. Qf3 Qc4 24. a3 Rad8 25. Bd4 Rf7 26. g3 Qc7 27. h4
Rg7 28. Kg2 Rf8 29. Be4 Qd8 30. Rd1 Qe8 31. h5 Rg5 32. Rc1 Qd7 33. Rc6 Qd8 34.
h6 Kg8 35. Bd3 Kh8 36. Qe4 Rg6 37. Qf4 Rgg8 38. Be4 Rf7 39. Qf5 1-0

[Event "Olimpiada Calviá 2004"]
[Site "Calviá ESP"]
[Date "2004.10.18"]
[Round "4.33"]
[White "Hatanbaatar, Bazar"]
[Black "Mahjoob, Morteza"]
[Result "1-0"]
[WhiteElo "2427"]
[BlackElo "2455"]
[PlyCount "82"]
[EventDate "2004.10.15"]
[EventType "team"]
[EventRounds "14"]
[EventCountry "ESP"]
[Source "lmi"]
[SourceDate "2004.10.27"]

1. e4 c6 2. d4 d5 3. exd5 cxd5 4. c4 Nf6 5. Nc3 g6 6. cxd5 Bg7 7. Bc4 O-O 8.
Nge2 Nbd7 9. Bb3 Nb6 10. Nf4 Bg4 11. Qd3 Rc8 12. O-O Ne8 13. Re1 Nd6 14. h3 Bf5
15. Qd1 Nbc4 16. Nfe2 Qb6 17. Na4 Qa5 18. Nec3 Rfe8 19. g4 Bd7 20. Nc5 Bb5 21.
Bc2 b6 22. Nb3 Qa6 23. a4 Bd7 24. Bd3 Qb7 25. Bf1 Qc7 26. Bg2 Nb7 27. Qf3 Qd6
28. Ne4 Qb4 29. Qc3 a5 30. Qxb4 axb4 31. Bf1 h6 32. Ned2 Nca5 33. Re3 Kf8 34.
Rd3 Red8 35. Nf3 Nc4 36. Nbd2 Nca5 37. Ne5 Bxa4 38. b3 Be8 39. Ne4 f6 40. Nc6
Nxc6 41. dxc6 Bxc6 1-0

[Event "Olimpiada Calviá 2004"]
[Site "Calviá ESP"]
[Date "2004.10.18"]
[Round "4.33"]
[White "Moradiabadi, Elshan"]
[Black "Erhembayar, Duurenbayar"]
[Result "1-0"]
[WhiteElo "2445"]
[BlackElo "2332"]
[PlyCount "75"]
[EventDate "2004.10.15"]
[EventType "team"]
[EventRounds "14"]
[EventCountry "ESP"]
[Source "lmi"]
[SourceDate "2004.10.27"]

1. c4 Nf6 2. Nc3 c5 3. g3 Nc6 4. Bg2 d6 5. Nf3 e5 6. O-O Be7 7. a3 O-O 8. Rb1
Be6 9. d3 Nd7 10. b4 Rb8 11. Ne1 a5 12. Nc2 axb4 13. axb4 cxb4 14. Nd5 Bxd5 15.
cxd5 Na7 16. Rxb4 Nc5 17. Be3 Bg5 18. f4 exf4 19. gxf4 Bf6 20. Bf2 Bc3 21. Rc4
Qa5 22. Na1 b5 23. Rxc5 dxc5 24. Nb3 Qc7 25. Bxc5 Rfd8 26. e4 b4 27. e5 Nb5 28.
d4 Qd7 29. f5 Nc7 30. d6 Na6 31. Qe2 Qb5 32. Qxb5 Rxb5 33. e6 Rxc5 34. dxc5
Nxc5 35. e7 Rb8 36. Nxc5 Bd4+ 37. Kh1 Bxc5 38. Re1 1-0

[Event "Olimpiada Calviá 2004"]
[Site "Calviá ESP"]
[Date "2004.10.18"]
[Round "4.33"]
[White "Byambaa, Zulzaga"]
[Black "Ghane, Shojaat"]
[Result "0-1"]
[WhiteElo "2299"]
[BlackElo "2376"]
[PlyCount "68"]
[EventDate "2004.10.15"]
[EventType "team"]
[EventRounds "14"]
[EventCountry "ESP"]
[Source "lmi"]
[SourceDate "2004.10.27"]

1. e4 e6 2. d4 d5 3. Nc3 Nf6 4. Bg5 Be7 5. e5 Ne4 6. Nxe4 dxe4 7. Be3 c5 8.
dxc5 Nd7 9. c3 Qc7 10. Qa4 Bxc5 11. Qxe4 Bxe3 12. Qxe3 Nxe5 13. Qg3 O-O 14.
O-O-O Qc5 15. Nf3 Nc4 16. b4 Qc6 17. Nd4 Qa6 18. a4 e5 19. Nb3 Bf5 20. Nc5 Qh6+
21. f4 exf4 22. Qf3 Ne5 23. Qd5 Qf6 24. Qd6 Be6 25. Ne4 Qf5 26. Qd4 Bb3 27. Rd2
Nc6 28. Qd3 Rad8 29. Nd6 Qe5 30. Kb2 Bxa4 31. Ka3 b5 32. Kb2 Rd7 33. Qd5 Qxd5
34. Rxd5 Rfd8 0-1

[Event "Olimpiada Calviá 2004"]
[Site "Calviá ESP"]
[Date "2004.10.18"]
[Round "4.34"]
[White "Gonzalez, Bernal"]
[Black "Bakalarz, Mieczyslaw"]
[Result "0-1"]
[WhiteElo "2423"]
[BlackElo "2389"]
[PlyCount "92"]
[EventDate "2004.10.15"]
[EventType "team"]
[EventRounds "14"]
[EventCountry "ESP"]
[Source "lmi"]
[SourceDate "2004.10.27"]

1. e4 c5 2. Nc3 e6 3. Nge2 Nc6 4. g3 Nf6 5. Bg2 d5 6. exd5 exd5 7. d4 cxd4 8.
Nxd4 Bc5 9. Nb3 Bb4 10. O-O Bxc3 11. bxc3 O-O 12. Nd4 Qa5 13. Bf4 Qxc3 14. Nb5
Qc5 15. Qb1 a6 16. Nc7 Ra7 17. c3 Qxc3 18. Nxd5 Nxd5 19. Bxd5 Bh3 20. Rc1 Qa5
21. Be4 Nd4 22. Qd3 Nf5 23. Rab1 g6 24. Rb2 b5 25. Rbc2 Re7 26. Bg5 f6 27. Qd5+
Kg7 28. Bd2 Qa4 29. Rc7 Rff7 30. Rxe7 Rxe7 31. Bc2 Qd4 32. Bb3 Qxd5 33. Bxd5
Rd7 34. Rd1 Rxd5 35. Bh6+ Nxh6 36. Rxd5 Be6 37. Rd6 Bxa2 38. Rxa6 Bc4 39. Ra7+
Nf7 40. f4 g5 41. f5 g4 42. h3 gxh3 43. Kh2 Kh6 44. Kxh3 Kg5 45. g4 h5 46. gxh5
Kxh5 0-1

[Event "Olimpiada Calviá 2004"]
[Site "Calviá ESP"]
[Date "2004.10.18"]
[Round "4.34"]
[White "Hernandez Basante, Francisco"]
[Black "Schartz, Alain"]
[Result "1/2-1/2"]
[WhiteElo "2283"]
[BlackElo "2123"]
[PlyCount "59"]
[EventDate "2004.10.15"]
[EventType "team"]
[EventRounds "14"]
[EventCountry "ESP"]
[Source "lmi"]
[SourceDate "2004.10.27"]

1. d4 d5 2. Nf3 c6 3. e3 Nf6 4. Bd3 e6 5. O-O Bd6 6. Ne5 Nbd7 7. f4 Ne4 8. Nd2
Ndf6 9. Qf3 Nxd2 10. Bxd2 Qe7 11. b3 Bd7 12. c4 c5 13. Be1 Bc6 14. Bh4 Qc7 15.
cxd5 Nxd5 16. Nxc6 bxc6 17. e4 Nb4 18. Bb1 cxd4 19. a3 Na6 20. e5 Be7 21. Bf2
Rd8 22. b4 Nb8 23. Qe4 Qd7 24. Rd1 c5 25. Rd2 g6 26. Rc2 Na6 27. Rc4 O-O 28.
bxc5 Nxc5 29. Qf3 Qb5 30. Rb4 1/2-1/2

[Event "Olimpiada Calviá 2004"]
[Site "Calviá ESP"]
[Date "2004.10.18"]
[Round "4.35"]
[White "Matamoros Franco, Carlos S"]
[Black "Rohl, Juan"]
[Result "1-0"]
[WhiteElo "2513"]
[BlackElo "2401"]
[PlyCount "101"]
[EventDate "2004.10.15"]
[EventType "team"]
[EventRounds "14"]
[EventCountry "ESP"]
[Source "lmi"]
[SourceDate "2004.10.27"]

1. c4 e5 2. g3 Nf6 3. Bg2 c6 4. d4 Bb4+ 5. Bd2 Bxd2+ 6. Qxd2 d6 7. Nc3 O-O 8.
e3 Re8 9. Nge2 e4 10. O-O d5 11. cxd5 cxd5 12. f3 exf3 13. Rxf3 Bg4 14. Rf4 Nc6
15. Raf1 Bxe2 16. Qxe2 Re6 17. g4 Ne7 18. g5 Ng6 19. Rf5 Nh4 20. gxf6 Nxf5 21.
Rxf5 Rxf6 22. Rxd5 Qf8 23. Re5 Re8 24. Rg5 Rg6 25. Rxg6 hxg6 26. Bxb7 Re7 27.
Bg2 Qb8 28. Qf2 a5 29. Ne4 Qb4 30. Qd2 Qa4 31. b3 Qe8 32. Nd6 Qd7 33. Nc4 a4
34. Nb6 Qf5 35. Nxa4 Qb1+ 36. Bf1 Re4 37. h3 Rh4 38. Nc3 Qf5 39. Qf2 Qg5+ 40.
Kh2 Qd8 41. Bc4 Rh5 42. Qxf7+ Kh7 43. Qf4 Rf5 44. Qg3 Qa5 45. e4 Rg5 46. Qe3
Qd8 47. e5 Rh5 48. Be2 Rh4 49. Ne4 Qa8 50. Ng5+ Kh8 51. Qf2 1-0

[Event "Olimpiada Calviá 2004"]
[Site "Calviá ESP"]
[Date "2004.10.18"]
[Round "4.35"]
[White "Prasca, Raphael"]
[Black "Mieles Palau, Daniel"]
[Result "1-0"]
[WhiteElo "2396"]
[BlackElo "2486"]
[PlyCount "119"]
[EventDate "2004.10.15"]
[EventType "team"]
[EventRounds "14"]
[EventCountry "ESP"]
[Source "lmi"]
[SourceDate "2004.10.27"]

1. e4 c5 2. c3 d5 3. exd5 Qxd5 4. d4 Nf6 5. Nf3 Bg4 6. Qa4+ Bd7 7. Qb3 Qxb3 8.
axb3 e6 9. Bf4 cxd4 10. Nxd4 a6 11. b4 Be7 12. Nb5 Bxb5 13. Bxb5+ Nbd7 14. Be2
Nd5 15. Bc1 O-O 16. O-O Rac8 17. Bf3 Ne5 18. Bxd5 exd5 19. Ra5 Nd3 20. Rxd5
Nxc1 21. Rxc1 Bxb4 22. Rcd1 Bc5 23. Nd2 Rfd8 24. Ne4 Rxd5 25. Rxd5 Bf8 26. Kf1
b5 27. Ke2 b4 28. Kd3 bxc3 29. bxc3 Ra8 30. Ra5 g6 31. Kc4 Rc8+ 32. Kd3 Rd8+
33. Kc2 Ra8 34. g4 Be7 35. f4 Bd8 36. Rc5 Kg7 37. Rc4 a5 38. Nc5 Bb6 39. Kb3
Ra7 40. Ka4 h5 41. g5 h4 42. h3 Bxc5 43. Rxc5 Rd7 44. Rxa5 Rd3 45. c4 Rxh3 46.
c5 Rh1 47. Kb5 h3 48. Ra2 Kf8 49. Kc6 Ke7 50. Re2+ Kd8 51. Rd2+ Kc8 52. Kd6 h2
53. Kc6 Kb8 54. Rd8+ Ka7 55. Rh8 Rf1 56. Rxh2 Rxf4 57. Kc7 Ka6 58. c6 f6 59.
Ra2+ Kb5 60. Kb7 1-0

[Event "Olimpiada Calviá 2004"]
[Site "Calviá ESP"]
[Date "2004.10.18"]
[Round "4.35"]
[White "Santos Flores, Alberto"]
[Black "Ostos, Julio"]
[Result "0-1"]
[WhiteElo "2326"]
[BlackElo "2332"]
[PlyCount "110"]
[EventDate "2004.10.15"]
[EventType "team"]
[EventRounds "14"]
[EventCountry "ESP"]
[Source "lmi"]
[SourceDate "2004.10.27"]

1. e4 e6 2. d4 d5 3. e5 c5 4. c3 Nc6 5. Nf3 Bd7 6. Be2 f6 7. O-O fxe5 8. Nxe5
Nxe5 9. dxe5 Qc7 10. c4 d4 11. Bf4 g6 12. Bd3 Bg7 13. Re1 Ne7 14. Nd2 O-O 15.
Qg4 Nc6 16. Nf3 Rae8 17. a3 Bc8 18. h4 Qf7 19. Bg3 Bh6 20. h5 Ne7 21. Bh4 Qf4
22. Re4 Qxg4 23. Rxg4 Rf4 24. Rxf4 Bxf4 25. Bxe7 Rxe7 26. hxg6 hxg6 27. Bxg6
Bd7 28. Be4 Ba4 29. Kf1 b5 30. g3 Bh6 31. Bd3 Bb3 32. cxb5 Bd5 33. Be2 d3 34.
Bd1 Rf7 35. Ne1 c4 36. f4 Bf8 37. Nf3 Rh7 38. Kg2 Bc5 39. g4 Be3 40. f5 Rg7 41.
Kh3 exf5 42. gxf5 Bf4 43. e6 Rg3+ 44. Kh4 Kg7 45. Nd4 Rg1 46. Rb1 Kf6 47. Bc2
dxc2 48. Rxg1 c1=Q 49. Rxc1 Bxc1 50. Nc6 Bxb2 51. e7 Bxc6 52. bxc6 Kxe7 53. Kg5
c3 54. f6+ Kd8 55. f7 Bxa3 0-1

[Event "Olimpiada Calviá 2004"]
[Site "Calviá ESP"]
[Date "2004.10.18"]
[Round "4.35"]
[White "Iturrizaga, Eduardo"]
[Black "Gonzalez Davila, Richard"]
[Result "1-0"]
[WhiteElo "2280"]
[BlackElo "2202"]
[PlyCount "107"]
[EventDate "2004.10.15"]
[EventType "team"]
[EventRounds "14"]
[EventCountry "ESP"]
[Source "lmi"]
[SourceDate "2004.10.27"]

1. e4 e5 2. Nf3 Nc6 3. Nc3 Nf6 4. g3 Bb4 5. Bg2 O-O 6. O-O d6 7. d3 h6 8. h3
Be6 9. Be3 Qd7 10. Kh2 d5 11. exd5 Nxd5 12. Nxd5 Bxd5 13. c4 Be6 14. c5 b6 15.
cxb6 axb6 16. a3 Bd6 17. d4 e4 18. Ng1 Bd5 19. Ne2 f5 20. Nf4 Bf7 21. Rc1 Ne7
22. h4 Nd5 23. Qd2 Rae8 24. Rg1 Re7 25. Bf1 Nxf4 26. gxf4 Bh5 27. Be2 Bxe2 28.
Qxe2 Kh8 29. Rg6 Re6 30. Rg3 Rf7 31. Rcg1 Be7 32. Qh5 Bf6 33. Rg6 Qe7 34. Kh3
c5 35. dxc5 bxc5 36. Bxc5 Qd8 37. Rxh6+ gxh6 38. Qxf7 Qe8 39. Qxe8+ Rxe8 40. b4
Ra8 41. b5 Ra5 42. Rb1 Bd8 43. Bd6 Bb6 44. Bb4 Ra7 45. Rb2 Kg8 46. Rc2 Kf7 47.
Rc6 Bxf2 48. b6 Rd7 49. Bd6 e3 50. Rc7 Ke6 51. b7 Kxd6 52. Rxd7+ Kxd7 53. b8=Q
e2 54. Qb5+ 1-0

[Event "Olimpiada Calviá 2004"]
[Site "Calviá ESP"]
[Date "2004.10.18"]
[Round "4.36"]
[White "Volkmann, Friedrich"]
[Black "Denny, Kevin"]
[Result "0-1"]
[WhiteElo "2454"]
[BlackElo "2334"]
[PlyCount "68"]
[EventDate "2004.10.15"]
[EventType "team"]
[EventRounds "14"]
[EventCountry "ESP"]
[Source "lmi"]
[SourceDate "2004.10.27"]

1. e4 c5 2. Nf3 d6 3. d4 cxd4 4. Nxd4 Nf6 5. Nc3 g6 6. Be3 Bg7 7. f3 Nc6 8. Qd2
O-O 9. Bc4 Nd7 10. O-O-O Nb6 11. Be2 Ne5 12. b3 Bd7 13. g4 Rc8 14. h4 a6 15. h5
Qc7 16. Nb1 d5 17. Bh6 Nxf3 18. Bxf3 Bxd4 19. exd5 Bf6 20. Bf4 Qc5 21. Be3 Qc7
22. Rh2 Rfd8 23. hxg6 fxg6 24. d6 exd6 25. Bd4 Bxd4 26. Qxd4 Be6 27. Be4 d5 28.
Bxg6 Qxh2 29. Qxb6 Rd6 30. Qxb7 hxg6 31. Nd2 Rdc6 32. Qe7 Rxc2+ 33. Kb1 Qe5 34.
Nc4 R2xc4 0-1

[Event "Olimpiada Calviá 2004"]
[Site "Calviá ESP"]
[Date "2004.10.18"]
[Round "4.36"]
[White "Warner, Delisle"]
[Black "Neubauer, Martin"]
[Result "0-1"]
[WhiteElo "2291"]
[BlackElo "2440"]
[PlyCount "121"]
[EventDate "2004.10.15"]
[EventType "team"]
[EventRounds "14"]
[EventCountry "ESP"]
[Source "lmi"]
[SourceDate "2004.10.27"]

1. Nf3 g6 2. c4 Bg7 3. e4 e5 4. d4 exd4 5. Nxd4 Nf6 6. Nc3 O-O 7. Be2 Re8 8. f3
c6 9. Bg5 h6 10. Bh4 d5 11. exd5 cxd5 12. O-O Nc6 13. Bf2 Nxd4 14. Bxd4 dxc4
15. Bxc4 Be6 16. Bb5 Re7 17. Bc5 Qxd1 18. Raxd1 Rc7 19. Bd6 Rcc8 20. Rfe1 Rd8
21. Bc7 Rxd1 22. Rxd1 Rc8 23. Be5 a6 24. Be2 Nd7 25. Bxg7 Kxg7 26. f4 Nb6 27.
Kf2 Nc4 28. b3 Nb2 29. Rd2 Rxc3 30. Rxb2 h5 31. Bf3 b5 32. Be2 Kf6 33. Rd2 Ke7
34. Bd3 Rc1 35. Ke3 h4 36. h3 Ra1 37. Kd4 Kd6 38. Re2 Bd5 39. Be4 Bxe4 40. Kxe4
f5+ 41. Ke3 Kc5 42. Kd3 Kb4 43. Kd4 Ka3 44. Re6 Rxa2 45. Rxa6+ Kxb3 46. Rxg6 b4
47. Ke5 Ra5+ 48. Kd4 Ka2 49. g3 b3 50. gxh4 b2 51. Rg2 Ka1 52. Rxb2 Kxb2 53. h5
Kb3 54. h6 Ra6 55. Ke5 Rxh6 56. Kxf5 Rxh3 57. Ke6 Kc3 58. Kd5 Rf3 59. Ke5 Kc4
60. f5 Re3+ 61. Kf6 0-1

[Event "Olimpiada Calviá 2004"]
[Site "Calviá ESP"]
[Date "2004.10.18"]
[Round "4.36"]
[White "Pilaj, Herwig"]
[Black "Farley, Terry"]
[Result "1-0"]
[WhiteElo "2431"]
[BlackElo "2247"]
[PlyCount "99"]
[EventDate "2004.10.15"]
[EventType "team"]
[EventRounds "14"]
[EventCountry "ESP"]
[Source "lmi"]
[SourceDate "2004.10.27"]

1. d4 Nf6 2. Nf3 g6 3. c4 Bg7 4. Nc3 O-O 5. e4 d6 6. Be2 e5 7. Be3 Nc6 8. d5
Ne7 9. Nd2 Ne8 10. c5 f5 11. f3 f4 12. Bf2 g5 13. cxd6 cxd6 14. Nc4 Bd7 15. a4
Qb8 16. Qb3 Nc8 17. Na5 Rf7 18. Qxb7 Qxb7 19. Nxb7 Rb8 20. Nd8 Rf8 21. Bb5 Nc7
22. Nc6 Rb7 23. Na5 Nxb5 24. Nxb7 Nd4 25. O-O g4 26. Bxd4 exd4 27. Nb5 gxf3 28.
gxf3 Bh3 29. Rf2 Rf6 30. Kh1 a6 31. Na3 Rg6 32. Rd1 Nb6 33. a5 Nd7 34. Nc4 Nf6
35. Nbxd6 Nh5 36. e5 Ng3+ 37. hxg3 fxg3 38. Rg2 h5 39. e6 h4 40. e7 Bd7 41.
e8=Q+ Bxe8 42. Nxe8 Bf8 43. Rxd4 Bc5 44. Rg4 Rxg4 45. fxg4 Kf7 46. Nc7 Ke7 47.
Nxa6 Bd4 48. d6+ Ke6 49. Nc7+ Kd7 50. Nb5 1-0

[Event "Olimpiada Calviá 2004"]
[Site "Calviá ESP"]
[Date "2004.10.18"]
[Round "4.36"]
[White "Corbin, Philip"]
[Black "Danner, Georg"]
[Result "1-0"]
[WhiteElo "2242"]
[BlackElo "2436"]
[PlyCount "100"]
[EventDate "2004.10.15"]
[EventType "team"]
[EventRounds "14"]
[EventCountry "ESP"]
[Source "lmi"]
[SourceDate "2004.10.27"]

1. e4 c5 2. d4 cxd4 3. c3 Nf6 4. e5 Nd5 5. Bc4 Qc7 6. Qe2 Nb6 7. Bb3 Nc6 8. Bf4
e6 9. Nf3 d5 10. cxd4 Bb4+ 11. Nbd2 Bd7 12. a3 Be7 13. Rc1 Qd8 14. O-O Rc8 15.
Ba2 a6 16. Nb3 Na4 17. Ne1 Qb6 18. Be3 Na7 19. Rxc8+ Nxc8 20. Nd3 Bb5 21. Rd1
O-O 22. Qc2 Bxd3 23. Rxd3 Na7 24. Bb1 g6 25. Bh6 Rc8 26. Qd2 Nc6 27. Rh3 Qd8
28. Rf3 b5 29. Qf4 Qe8 30. h4 Nxb2 31. h5 Na4 32. hxg6 fxg6 33. Qg4 Nd8 34. Bd2
Rc6 35. Rh3 Bf8 36. Qh4 Rc7 37. Bxg6 Qxg6 38. Rg3 Qxg3 39. fxg3 Nc6 40. Qg4+
Kf7 41. Qh5+ Kg8 42. Qe8 Ne7 43. Bb4 Nb2 44. Nc5 Rc6 45. Nd7 Rc8 46. Qh5 Bg7
47. Be1 Nd3 48. Nf6+ Bxf6 49. exf6 Kh8 50. f7 Kg7 1-0

[Event "Olimpiada Calviá 2004"]
[Site "Calviá ESP"]
[Date "2004.10.18"]
[Round "4.38"]
[White "Jones, Richard S"]
[Black "Simonet, Marc"]
[Result "1/2-1/2"]
[WhiteElo "2297"]
[BlackElo "2300"]
[PlyCount "61"]
[EventDate "2004.10.15"]
[EventType "team"]
[EventRounds "14"]
[EventCountry "ESP"]
[Source "lmi"]
[SourceDate "2004.10.27"]

1. e4 c5 2. Nf3 Nc6 3. d4 cxd4 4. Nxd4 g6 5. c4 Bg7 6. Be3 Nf6 7. Nc3 O-O 8.
Be2 b6 9. f4 e5 10. Ndb5 Qe7 11. f5 Nd4 12. Nc7 Rb8 13. O-O Bb7 14. Bd3 Rbc8
15. N7d5 Bxd5 16. Nxd5 Nxd5 17. cxd5 Rc7 18. Qd2 Rfc8 19. Rac1 Rxc1 20. Rxc1
Rxc1+ 21. Qxc1 Bf8 22. fxg6 hxg6 23. Bg5 f6 24. Bh4 Qc5 25. Qxc5 Bxc5 26. Kf1
Kf7 27. Bf2 Bb4 28. Be3 Bc5 29. Kf2 f5 30. Kf1 Kf6 31. Bxd4 1/2-1/2

[Event "Olimpiada Calviá 2004"]
[Site "Calviá ESP"]
[Date "2004.10.18"]
[Round "4.38"]
[White "Monell Camarasa, David"]
[Black "Kett, T."]
[Result "1-0"]
[WhiteElo "2263"]
[BlackElo "2196"]
[PlyCount "57"]
[EventDate "2004.10.15"]
[EventType "team"]
[EventRounds "14"]
[EventCountry "ESP"]
[Source "lmi"]
[SourceDate "2004.10.27"]

1. d4 d5 2. c4 e6 3. Nc3 f5 4. Nf3 c6 5. Bg5 Nf6 6. e3 Be7 7. Ne5 O-O 8. Be2
Ne4 9. Bxe7 Qxe7 10. Nxe4 fxe4 11. O-O Nd7 12. f4 Nxe5 13. dxe5 b6 14. cxd5
exd5 15. Rc1 Bb7 16. Qe1 Kh8 17. Qc3 c5 18. f5 Rae8 19. Bh5 Rd8 20. f6 Qe6 21.
h3 d4 22. exd4 cxd4 23. fxg7+ Kxg7 24. Qg3+ Kh6 25. Bg4 Qe7 26. Rf6+ Kg7 27.
Rcf1 Kh8 28. Qh4 Rxf6 29. exf6 1-0

[Event "Olimpiada Calviá 2004"]
[Site "Calviá ESP"]
[Date "2004.10.18"]
[Round "4.38"]
[White "Rees, Ioan"]
[Black "Ribera Bazan, Jose"]
[Result "1-0"]
[WhiteElo "2201"]
[BlackElo "2147"]
[PlyCount "59"]
[EventDate "2004.10.15"]
[EventType "team"]
[EventRounds "14"]
[EventCountry "ESP"]
[Source "lmi"]
[SourceDate "2004.10.27"]

1. d4 f5 2. Nf3 Nf6 3. g3 g6 4. Bg2 Bg7 5. O-O O-O 6. c4 d6 7. Nc3 c6 8. Rb1
Qe8 9. d5 Na6 10. b4 Bd7 11. dxc6 bxc6 12. a3 Nc7 13. Bb2 Ne6 14. e3 Nd8 15. b5
Rc8 16. a4 cxb5 17. cxb5 Nf7 18. Nd4 e5 19. Nc6 a6 20. Na7 Rb8 21. bxa6 e4 22.
Nab5 Qe6 23. Nc7 Qc4 24. N7b5 Bxb5 25. Nxb5 Nd7 26. Bxg7 Kxg7 27. Rc1 Qb4 28.
Nd4 Rfc8 29. Nc6 Qb2 30. Nxb8 1-0

[Event "Olimpiada Calviá 2004"]
[Site "Calviá ESP"]
[Date "2004.10.18"]
[Round "4.39"]
[White "Canda, Danilo"]
[Black "Moldobaev, Emelbek"]
[Result "0-1"]
[WhiteElo "2335"]
[BlackElo "2388"]
[PlyCount "72"]
[EventDate "2004.10.15"]
[EventType "team"]
[EventRounds "14"]
[EventCountry "ESP"]
[Source "lmi"]
[SourceDate "2004.10.27"]

1. e4 c5 2. Nf3 e6 3. d4 cxd4 4. Nxd4 a6 5. Nc3 b5 6. Bd3 Qb6 7. Nb3 Qc7 8. O-O
Nf6 9. Qe2 d6 10. a4 b4 11. Na2 Nc6 12. Bd2 Qb7 13. f4 Be7 14. Rae1 O-O 15. e5
Nd5 16. Rf3 g6 17. a5 Rd8 18. Bc4 Bf8 19. Nac1 Qc7 20. Kh1 dxe5 21. fxe5 Nxe5
22. Bxd5 Rxd5 23. Bf4 Bd6 24. Re3 Nc6 25. Bxd6 Qxd6 26. Nd3 Bb7 27. Qg4 Rd8 28.
Kg1 Nd4 29. Nxd4 Rxd4 30. Qg5 Rd5 31. Qf6 Rf5 32. Qh4 Qd4 33. Qe7 Rd7 34. Qe8+
Kg7 35. Nxb4 Re5 36. c3 Qg4 0-1